• 首页
  • 本馆介绍
  • 公告通知
  • 最新文献
  • 馆藏检索
  • 电子资源
  • 读者导购
  • 参考咨询
  • 我的图书馆
  • 登录
  • 详细信息显示
  • 放入我的书架
  • 预约/预借图书
  • 作者相关作品
  • 分类相关作品
  • 丛书相关作品
  • 出版社相关作品

书目信息

  • 表格格式
  • 工作单格式
  • 卡片格式
题名:
期刊编辑实务
    
 
作者: 鲁玉玲, 著
分册:  
出版信息: 北京   九州出版社  2018
页数: 282页
开本: 24cm
丛书名:
单 册:
中图分类: G237.5
科图分类:
主题词: 期刊编辑--qi kan bian ji
电子资源:
ISBN: 978-7-5108-7449-9
000 01243nam0 2200253 450
001 012001006437
005 20241128093049.06
010    @a978-7-5108-7449-9@dCNY68.00
099    @aCAL 012018199671
100    @a20181226d2018 em y0chiy50 ea
101 0  @achi
102    @aCN@b110000
105    @ac a 000yy
200 1  @a期刊编辑实务@Aqi kan bian ji shi wu@f鲁玉玲著
210    @a北京@c九州出版社@d2018
215    @a282页@c肖像@d24cm
314    @a鲁玉玲, 女, 1968年生人, 1992年山东大学生物系研究生毕业, 获硕士学位, 2000年10月至今在《山东女子学院学报》编辑部从事编辑工作, 副编审。
320    @a有书目 (第275-281页)
330    @a本书立足期刊编辑特别是社科学术期刊编辑工作的实际, 比较全面地阐述了期刊编辑工作中涉及的基本理论、基础知识和编校实务。全书共分五章, 前四章分别就期刊的概念、种类、期刊和编辑的关系, 期刊编辑工作的内容, 期刊编辑在选题、组稿、审稿、修改和加工、校对与出版工作中的业务要求和基本技能, 社会科学期刊的编辑规范等进行了系统介绍; 第五章介绍了编辑工作的常用工具书, 并对常见的标点、字词、法律差错、涉台用语等常见问题进行了系统解读和分析。
606 0  @a期刊编辑@Aqi kan bian ji
690    @aG237.5@v5
701  0 @a鲁玉玲,@Alu yu ling@f1968-@4著
801  0 @aCN@b上海新华@c20191020
905    @b1131614-7@dG237.5@e110@f4
    
    期刊编辑实务/鲁玉玲著.-北京:九州出版社,2018
    282页:肖像;24cm
    
    
    ISBN 978-7-5108-7449-9:CNY68.00
    本书立足期刊编辑特别是社科学术期刊编辑工作的实际, 比较全面地阐述了期刊编辑工作中涉及的基本理论、基础知识和编校实务。全书共分五章, 前四章分别就期刊的概念、种类、期刊和编辑的关系, 期刊编辑工作的内容, 期刊编辑在选题、组稿、审稿、修改和加工、校对与出版工作中的业务要求和基本技能, 社会科学期刊的编辑规范等进行了系统介绍; 第五章介绍了编辑工作的常用工具书, 并对常见的标点、字词、法律差错、涉台用语等常见问题进行了系统解读和分析。
●
相关链接 在E读中查询图书 在五车中查询图书 在当当中查询图书 在豆瓣中查询图书


正题名:期刊编辑实务     索取号:G237.5/110         预约/预借

序号 登录号 条形码 馆藏地/架位号 状态 备注
1 1131614   211316146   第一样本阅览室/ [索取号:G237.5/110] 在馆    
2 1131615   211316155   第四借阅区/ [索取号:G237.5/110] 在馆    
3 1131616   211316164   第四借阅区/ [索取号:G237.5/110] 在馆    
4 1131617   211316173   第四借阅区/ [索取号:G237.5/110] 在馆    
5 1417465   214174659   第四借阅区/ [索取号:G237.5/110] 已借出,限还日期为2034.11.27
借出人:甄文全  
 
唐山师范学院图书馆 欢迎您!
大连网信软件有限公司© 版权所有